000 00491nam a2200181Ia 4500
005 20250508150116.0
008 008 250505s9999 xx 000 0 eng d
037 _aTextual
040 _aFEDL
_beng
_cFEDL
041 _aeng
_2eng
084 _a649, BRI
_qFEDL
245 0 _aCharter for health
245 0 _cBritish Medical Association
260 _aLondon, UK
_bGeogre Allen and Unwin Ltd
_c1946
300 _a95p
942 _cTEXL
_h649, BRI
999 _c1321798
_d1321798